| 000 | 00515pab a2200181 454500 | ||
|---|---|---|---|
| 008 | 180718b1998 xxu||||| |||| 00| 0 eng d | ||
| 100 | _aPamuk, Ayse | ||
| 245 | _aThe price of land for housing in Trinidad: the role of regulatory constraints and implications for affordability | ||
| 260 | _c1998 | ||
| 300 | _ap.285-99 | ||
| 362 | _aFeb | ||
| 650 | _aHousing - Trinidad | ||
| 650 | _aLand value - Trinidad | ||
| 650 | _aLand value | ||
| 700 | _aDowall, David E. | ||
| 773 | _aUrban Studies | ||
| 909 | _a37984 | ||
| 999 |
_c37984 _d37984 |
||